Biografi MUHAMMAD BIN ABDULLAH : PERJALANAN HIDUP SEORANG NABI /

Bibliographic Details
Main Author: Zulkifli Mohd Yusoff, Prof. Dato Dr (Author)
Other Authors: Noor Naemah Abdul Rahman
Format: Book
Published: Batu Caves, Selangor PTS PUBLISHING HOUSE SENDIRIAN BERHAD 2021
Subjects:
LEADER 00991cam a2200301 7i4500
001 0000071516
005 20241118090000.0
008 240618t20232021my # e #01 may##
020 # # |a 9789674815363  
040 # # |a BK 
082 0 4 |a 297.63 
090 0 0 |a 297.63   |b ZUL 
100 0 # |a Zulkifli Mohd Yusoff,   |c Prof. Dato Dr.   |e author. 
245 1 0 |a Biografi MUHAMMAD BIN ABDULLAH :   |b PERJALANAN HIDUP SEORANG NABI /   |c Zulkifli Mohd. Yusoff, Noor Naemah Abd. Rahman. 
264 # 1 |a Batu Caves, Selangor  |b PTS PUBLISHING HOUSE SENDIRIAN BERHAD  |c 2021 
300 # # |a x, 480 pages;   |c 23 cm. 
336 # # |a text  |2 rdacontent 
337 # # |a unmediated  |2 rdamedia 
338 # # |a volume  |2 rdacarrier 
500 # # |a Includes index 
599 # # |a LULUS 
600 0 0 |a Muhammad,   |c Prophet,   |d -632 
650 1 0 |a Prophets in the Qur'an  
650 2 0 |a Islamic stories, Malay  
700 0 # |a Noor Naemah Abdul Rahman  
997 # # |a BK 
998 # # |a 1000075697 
999 |a 1000075697  |b BOOK  |c Main Non-Fiction  |e INTAN Bukit Kiara